Mayors of Cincinnati by Picture - Statistics

General Stats
  • This quiz has been taken 5 times
    3 since last reset
  • The average score is 16 of 44
Answer Stats
Picture Hint Answer % Correct
1977-1978 Jerry Springer
100%
2022-Present Aftab Pureval
67%
1885-1889 Amor Smith Jr.
33%
1983-1984 Arn L. Bortz
33%
1971 Bill Gradison
33%
1975-1976 | 1978-1979 Bobbie L. Sterne
33%
1947-1948 | 1951-1953 | 1954 Carl West Rich
33%
1955-1957 Charles Phelps Taft II
33%
1984-1991 | 1999-2005 Charlie Luken
33%
1980-1982 | 1991 David S. Mann
33%
1802-1803 David Ziegler
33%
1957-1960 Donald D. Clancy
33%
1954 Dorothy N. Dolbey
33%
1991-1993 Dwight Tillery
33%
1906-1907 Edward J. Dempsey
33%
1953-1954 Edward N. Waldvogel
33%
1967-1971 Eugene P. Ruehlmann
33%
1914-1915 Frederick S. Spiegel
33%
1922-1925 George Carrel
33%
1916-1917 George Puchta
33%
1897-1900 Gustav Tafel
33%
1912-1913 Henry Thomas Hunt
33%
1819-1831 Isaac G. Burnett
33%
1805-1806 | 1810-1811 James Findlay
33%
1938-1947 James Garfield Stewart
33%
1855-1857 James J. Faran
33%
1894-1897 John A. Caldwell
33%
1889-1894 John B. Mosby
33%
2013-2022 John Cranley
33%
1909 | 1918-1921 John Galvin
33%
1900-1905 Julius Fleischmann
33%
1979-1980 Ken Blackwell
33%
1863-1866 Leonard A. Harris
33%
1908-1909 Leopold Markbreit
33%
1910-1911 Louis Schwab
33%
2006-2013 Mark Mallory
33%
1807 | 1812 Martin Baum
33%
1926-1929 Murray Seasongood
33%
1859-1861 Richard M. Bishop
33%
1877-1879 Robert M. Moore
33%
1993-1999 Roxanne Qualls
33%
1972-1975 Ted Berry
33%
1971-1972 Tom Luken
33%
1960-1967 Walt Bachrach
33%
No matching quizzes found
Score Distribution
Percent of People with Each Score
Percentile by Number Answered
Your Score History
You have not taken this quiz since the last reset